Podnikové hospodárstvo pre manažérov
Na minha lista:
| Autor principal: | |
|---|---|
| Autor Corporativo: | |
| Outros Autores: | |
| Formato: | Livro |
| Idioma: | eslovaco |
| Publicado em: |
Bratislava
Iura Edition
2008
|
| Colecção: | Ekonómia
|
| Assuntos: | |
| Tags: |
Sem tags, seja o primeiro a adicionar uma tag!
|
MARC
| LEADER | 00000nam$a2200000$$$4500 | ||
|---|---|---|---|
| 001 | 0075011 | ||
| 005 | 20240502071900.9 | ||
| 020 | |a 978-80-8078-200-9 | ||
| 041 | 0 | |a slo | |
| 044 | |a SK | ||
| 245 | 1 | 0 | |a Podnikové hospodárstvo pre manažérov |c Helena Majdúchová, Anna Neumannová |
| 264 | 1 | |a Bratislava |b Iura Edition |c 2008 | |
| 300 | |a 244 s. | ||
| 490 | 1 | |a Ekonómia | |
| 830 | 0 | |a Ekonómia | |
| 610 | 2 | 0 | |a hospodárstvo podnikové |
| 610 | 2 | 0 | |a manažéri |
| 610 | 2 | 0 | |a riadenie podnikové |
| 610 | 2 | 0 | |a transformácia podniku |
| 610 | 2 | 0 | |a stratégia podniková |
| 610 | 2 | 0 | |a zdroje ľudské |
| 610 | 2 | 0 | |a majetok podnikový |
| 610 | 2 | 0 | |a zásobovanie |
| 610 | 2 | 0 | |a výroba |
| 610 | 2 | 0 | |a odbyt |
| 610 | 2 | 0 | |a náklady |
| 610 | 2 | 0 | |a hospodárstvo podniku finančné |
| 610 | 2 | 0 | |a ohodnocovanie podniku |
| 100 | 1 | |a Majdúchová, Helena, 1963- | |
| 700 | 1 | |a Neumannová, Anna | |
| 710 | 2 | |a Ekonomická univerzita v Bratislave | |